| 000 | 00437nam a22001817a 4500 | ||
|---|---|---|---|
| 003 | MPLRDC | ||
| 005 | 20220104142830.0 | ||
| 008 | 210129b ||||| |||| 00| 0 eng d | ||
| 082 | _a490.8 SYR v.13 | ||
| 100 | _a二见道夫著; 峻才译 | ||
| 245 |
_a成功的推销术 _c |
||
| 250 | _a再版 | ||
| 260 |
_a _b国家出版社 _c1980 |
||
| 300 | _b平 | ||
| 490 | _a生意人丛刊;13 | ||
| 650 | _a | ||
| 942 |
_cBK _o490.8 SYR v.13 |
||
| 999 |
_c34075 _d34065 |
||